00585nam a22002177a 450000500170000001000130001702000220003003500130005203700160006504000120008108200150009310000220010824500650013024600060019526000500020127000390025130000200029050000190031065000140032965000240034320170124110046.0 aA-943983 c00.00a8121508290 aA-943983 bCen Lib/Ret aDPLbEN a792.8bRAN aRangacharya, Adya aIntroduction to Bharta's Natyasastra /cby Adya Rangacharya b  bNew DelhiaMunshi Manoharlal Publishersc1998 bNew DelhiaRni Jhansi Roade110055 a85p. c21cm(Hb) aIncludes index aDramatics aBharta Natyasastra